000 00203nam a22000857a 4500
008 170130b xxu||||| |||| 00| 0 eng d
100 _92643
_aHunt.A.E
245 _aThe Tale of three trees
260 _aUSA
_c1989
999 _c5788
_d5788